000 00538nam a2200181 i 4500
001 91147
003 ES-MaACL
005 20240526062939.0
007 t|
008 050127s1962 sp |||| | spa d
100 1 _aLesage, Alain-René,
_d1668-1747
_971822
245 1 0 _aBlas de Santillane /
_cLesage ; traducción de Juan Cornudella Barbera.
260 _a[Barcelona :
_bZeus,
_c1962]
300 _a751 p. ;
_c21 cm.
700 1 _aCornudella Barberá, Joan.
_940645
852 _aES-MaACL
_jC-23023
999 _c91147
_d91147